PREPARATION OF INORGANIC , ORGANIC AND MEDICINAL COMPOUNDS FOR PHARMACY STUDENTS (Record no. 8992)

MARC details
000 -LEADER
fixed length control field 00552nam a22001817a 4500
005 - DATE AND TIME OF LATEST TRANSACTION
control field 20251128113146.0
008 - FIXED-LENGTH DATA ELEMENTS--GENERAL INFORMATION
fixed length control field 251125b |||||||| |||| 00| 0 eng d
020 ## - INTERNATIONAL STANDARD BOOK NUMBER
ISBN 978-81-19613-53-3
041 ## - LANGUAGE CODE
Language code of text/sound track or separate title eng
082 ## - DEWEY DECIMAL CLASSIFICATION NUMBER
Classification number 615.1 HIR-P
100 ## - MAIN ENTRY--AUTHOR NAME
Personal name HIRAMETH, SUSHMITAAND GHARGE, SHANKAR
245 ## - TITLE STATEMENT
Title PREPARATION OF INORGANIC , ORGANIC AND MEDICINAL COMPOUNDS FOR PHARMACY STUDENTS
250 ## - EDITION STATEMENT
Edition statement 1ST ED. 2023
260 ## - PUBLICATION, DISTRIBUTION, ETC. (IMPRINT)
Place of publication NEW DELHI
Name of publisher INNOVATIVE PUBLICATION PVT.LTD
Year of publication 2024
300 ## - PHYSICAL DESCRIPTION
Number of Pages 249;P
650 ## - SUBJECT ADDED ENTRY--TOPICAL TERM
Topical Term PHARMACY
General subdivision B.PHASRMA
942 ## - ADDED ENTRY ELEMENTS (KOHA)
Koha item type Books
Holdings
Lost status Damaged status Collection code Home library Current library Shelving location Date acquired Source of acquisition Cost, normal purchase price Full call number Accession Number Koha item type
    PHARMACY JRU Library JRU Library SHELF-3-E 14/11/2025 PURCHASE 450.00 615.1 29103 Books